[Event "LAT-chT"]
[Site "Riga"]
[Date "2019.10.12"]
[Round "7.3"]
[White "Galkins, Semjons"]
[Black "Rogule, Laura"]
[Result "0-1"]
[WhiteElo "1735"]
[BlackElo "2264"]
[PlyCount "94"]
[EventDate "2019.02.16"]
[EventType "team-tourn"]
[EventRounds "9"]
[EventCountry "LAT"]
[SourceTitle "EXT 2020"]
[Source "ChessBase"]
[SourceDate "2019.10.17"]
[SourceVersion "1"]
[SourceVersionDate "2019.10.17"]
[SourceQuality "1"]
[WhiteTeam "Rigas Saha School Vertikale"]
[BlackTeam "Riga Technical Univ"]
[WhiteTeamCountry "LAT"]
[BlackTeamCountry "LAT"]

1. c4 e5 2. Nc3 Nf6 3. Nf3 Nc6 4. d3 Be7 5. g3 d5 6. cxd5 Nxd5 7. Bg2 Nb6 8. 0-0 0-0 9. Be3 f5 10. Qd2 h6 11. h4 Be6 12. Rfd1 Qe8 13. Bxb6 axb6 14. Nb5 Bd8 15. b3 Ra5 16. Nc3 Bf6 17. Rac1 Qh5 18. e3 g5 19. hxg5 hxg5 20. Ne2 Kg7 21. Kf1 Bd5 22. Neg1 g4 23. Ne1 Bg5 24. Bxd5 Rxd5 25. Ng2 Qh1 26. Rc4 b5 27. Rc3 Nd4 28. Rxc7+ Rf7 29. Rxf7+ Kxf7 30. Qa5 Nf3 31. Qc7+ Kf6 32. Qb6+ Ke7 33. Nh4 Bxh4 34. gxh4 Qxg1+ 35. Ke2 Qg2 36. Qc7+ Rd7 37. Qc5+ Ke6 38. Qf8 Ng1+ 39. Rxg1 Qxg1 40. Qh6+ Kd5 41. e4+ fxe4 42. dxe4+ Kc5 43. b4+ Kxb4 44. Qf8+ Ka5 45. Qa3+ Kb6 46. Qe3+ Rd4 47. Qh6+ Ka7 0-1